000 00415nam a2200169Ia 4500
008 180921t2018 xxu||||| |||| 00| 1 sin d
041 _asin
080 _aX8C31
_bDUN
100 _aDunumala, Mahanama
245 _aපටිබිම්බ
246 _aPatibimba
260 _bFast Publishing
_aColombo
_c2018
300 _a214p., 21cm
942 _cBK
999 _c8239
_d8239
003 LK-CoDNM
040 _aLK-CoDNM
_dLK-CoDNM
_eLK-CoDNM